| 000 | 00633nam a2200229Ia 4500 | ||
|---|---|---|---|
| 003 | OSt | ||
| 005 | 20220924124157.0 | ||
| 006 | a|||||r|||| 00| 0 | ||
| 007 | ta | ||
| 008 | 220923b |||||||| |||| 00| 0 urd d | ||
| 024 | _a313485 | ||
| 037 | _cTextual | ||
| 040 |
_aARTS _cARTS _burd |
||
| 041 |
_2urd _aurd |
||
| 082 | _aO168,1M37w, L5 | ||
| 100 |
_aHusain Saleha Aabid _9195030 |
||
| 245 | 0 | _aKhwaja Altaf Husain 'Hali' | |
| 260 |
_aNew Delhi _b National Book Trust India _c1975 |
||
| 650 | _aURDU POETRY | ||
| 942 |
_hO168,1M37w, L5 _cTEXL _2CC |
||
| 999 |
_c418691 _d418691 |
||